000 01520nas a2200325 c 4500
001 292526
003 BLK
005 20240402114303.0
008 180413b bul raner|||| |0| c1bulo|
010 _aPRD00005930000
022 _aC603-9944
040 _aBLK
041 _aBUL
_cBUL
080 _aСоциални въпроси в цялост. Критика на социалната организация. Социални реформо(общо). Практически социални проблеми. Социална политика (общи въпроси). Вж и 141.82;308;331;351.83
_b304
_x(497.215)
_z304(497.215)
110 1 _aИзд. Русенска корабостроителница
_eРед. кол.: Здравка Крумова
_9358847
245 1 0 _aРУСЕ
_bРегионален всекидневник
_cИзд. Русенска корабостроителница ; Ред. кол.: Здравка Крумова
_fНачална год. на издаване: Год. 1, № 1 (1993),
257 _aBGR
260 _bРусенска корабостроителница
_c1993
_fДунав прес - ООД
300 _c42
310 _eсрок за съхранение: 99
380 _a3
852 _aВ 600
856 _qpdf
_u
856 _qpdf
_u
942 _cNSP
_n0
_s1
_04
944 _aCR
_cЙордан_Досев
_k30540
_lСевдалина Тодорова
944 _aED
_cНефис_Фикрет
_k23.07.2015
999 _c292526
_d292526
999 _d292526
999 _d292526